Leveemsu A Software Package Designed for Levee Underseepage Analysis (Record no. 546433)
[ view plain ]
| 000 -LEADER | |
|---|---|
| fixed length control field | 00437nam a22001337a 4500 |
| 082 ## - DEWEY DECIMAL CLASSIFICATION NUMBER | |
| Classification number | 624.15136 |
| Author Mark | WOL |
| -- | D |
| 100 ## - MAIN ENTRY--PERSONAL NAME | |
| Personal name | Wolff, Thomas F. |
| 9 (RLIN) | 42551 |
| 110 ## - MAIN ENTRY--CORPORATE NAME | |
| Corporate name or jurisdiction name as entry element | Department of the Army US Army Corps of Engineers Washington DC |
| 9 (RLIN) | 42552 |
| 245 ## - TITLE STATEMENT | |
| Title | Leveemsu A Software Package Designed for Levee Underseepage Analysis |
| 260 ## - PUBLICATION, DISTRIBUTION, ETC. | |
| Place of publication, distribution, etc. | Washington DC |
| 300 ## - PHYSICAL DESCRIPTION | |
| Extent | 74 P.: |
| Other physical details | ill.; |
| 526 ## - STUDY PROGRAM INFORMATION NOTE | |
| Program name | 0 |
| Interest level | 0 |
| Reading level | 0 |
| Title point value | 624_151360000000000_WOL |
| 942 ## - ADDED ENTRY ELEMENTS (KOHA) | |
| Source of classification or shelving scheme | |
| Koha item type | Book |
| Withdrawn status | Lost status | Source of classification or shelving scheme | Damaged status | Not for loan | Permanent Location | Current Location | Date acquired | Total Checkouts | Full call number | Barcode | Date last seen | Price effective from | Koha item type |
|---|---|---|---|---|---|---|---|---|---|---|---|---|---|
| Military College of Engineering (MCE) | Military College of Engineering (MCE) | 06/12/2014 | 624.15136 WOL | MCE-41434 | 06/12/2014 | 06/12/2014 | Book |
